[Event "Belgrade Trophy 23rd"]
[Site "Obrenovac"]
[Date "2010.11.30"]
[Round "7"]
[White "Stojanovic, Kosara"]
[Black "Maljevic, Aleksa"]
[Result "0-1"]
[WhiteElo "1914"]
[BlackElo "1673"]
[PlyCount "40"]
[EventDate "2010.11.24"]
[EventType "swiss"]
[EventRounds "9"]
[EventCountry "YUG"]
[SourceTitle "CBM 139 Extra"]
[Source "ChessBase"]
[SourceDate "2011.01.05"]
[SourceVersion "1"]
[SourceVersionDate "2011.01.05"]
[SourceQuality "1"]

1. e4 c5 2. Nf3 Nc6 3. d4 cxd4 4. Nxd4 Nf6 5. Nc3 d6 6. Be2 e5 7. Nb3 Be7 8. 0-0 0-0 9. Be3 a5 10. a4 Nb4 11. f3 Be6 12. Nb5 d5 13. c3 Nc6 14. exd5 Nxd5 15. Bf2 Nf4 16. Nc5 Bxc5 17. Bxc5 Qg5 18. g3 Rfd8 19. Qe1 Rd2 20. Kh1 Rxe2 0-1

[Event "Belgrade Trophy 23rd"]
[Site "Obrenovac"]
[Date "2010.11.28"]
[Round "5"]
[White "Ratkovic, Miloje"]
[Black "Stojanovic, Kosara"]
[Result "1-0"]
[WhiteElo "2132"]
[BlackElo "1914"]
[PlyCount "67"]
[EventDate "2010.11.24"]
[EventType "swiss"]
[EventRounds "9"]
[EventCountry "YUG"]
[SourceTitle "CBM 139 Extra"]
[Source "ChessBase"]
[SourceDate "2011.01.05"]
[SourceVersion "1"]
[SourceVersionDate "2011.01.05"]
[SourceQuality "1"]

1. d4 Nf6 2. Nf3 d5 3. c4 e6 4. Nc3 Be7 5. Bg5 h6 6. Bh4 0-0 7. e3 Nbd7 8. Qc2 Re8 9. Rd1 c6 10. Bd3 dxc4 11. Bxc4 Nd5 12. Bg3 Qa5 13. 0-0 Nxc3 14. bxc3 Bf6 15. Bb3 c5 16. e4 e5 17. Bd5 Re7 18. Qb3 Qb6 19. dxe5 Qxb3 20. Bxb3 Nxe5 21. Nxe5 Bxe5 22. Bxe5 Rxe5 23. Rd8+ Kh7 24. Rfd1 Re7 25. Rf8 f6 26. Rdd8 Rc7 27. Bf7 Rxf7 28. Rxf7 Be6 29. Rxa8 Bxf7 30. Rxa7 Bg6 31. Rxb7 Bxe4 32. Rb5 c4 33. Rc5 Bd5 34. a4 1-0

[Event "Vecindario Canarias op 4th"]
[Site "Vecindario"]
[Date "2010.07.22"]
[Round "6"]
[White "Korneev, Svyatoslav"]
[Black "Stojanovic, Kosara"]
[Result "1-0"]
[WhiteElo "1724"]
[BlackElo "1954"]
[PlyCount "83"]
[EventDate "2010.07.18"]
[EventType "swiss"]
[EventRounds "9"]
[EventCountry "ESP"]
[SourceTitle "CBM 137 Extra"]
[Source "ChessBase"]
[SourceDate "2010.09.01"]
[SourceVersion "1"]
[SourceVersionDate "2010.09.01"]
[SourceQuality "1"]

1. c4 Nf6 2. g3 e6 3. Nf3 Be7 4. Bg2 d5 5. b3 Nbd7 6. 0-0 0-0 7. e3 c6 8. Qe2 e5 9. Bb2 Bd6 10. Nc3 Re8 11. Rfd1 Nf8 12. h3 Bf5 13. Nh4 Be6 14. d3 Ng6 15. Nxg6 hxg6 16. cxd5 Nxd5 17. Ne4 Bc7 18. h4 f6 19. Nc5 Qc8 20. h5 gxh5 21. Nxe6 Qxe6 22. Qxh5 Rad8 23. Be4 Kf8 24. Bg6 Re7 25. Kg2 Qg8 26. Rh1 Red7 27. Bf5 Re7 28. Qg6 Ree8 29. Qg4 Re7 30. Rh2 g6 31. Bxg6 Rg7 32. Ba3+ Bd6 33. Bxd6+ Rxd6 34. Qc8+ Ke7 35. Qxg8 Rxg8 36. Rh7+ Kd8 37. Bf7 Rg5 38. Bxd5 Rxd5 39. Rxb7 Rxd3 40. Rh1 Kc8 41. Rxa7 Kb8 42. Rf7 1-0

[Event "Vecindario Canarias op 4th"]
[Site "Vecindario"]
[Date "2010.07.20"]
[Round "4"]
[White "Galiana Canillas, Antonio"]
[Black "Stojanovic, Kosara"]
[Result "1/2-1/2"]
[WhiteElo "1659"]
[BlackElo "1954"]
[PlyCount "24"]
[EventDate "2010.07.18"]
[EventType "swiss"]
[EventRounds "9"]
[EventCountry "ESP"]
[SourceTitle "CBM 137 Extra"]
[Source "ChessBase"]
[SourceDate "2010.09.01"]
[SourceVersion "1"]
[SourceVersionDate "2010.09.01"]
[SourceQuality "1"]

1. c4 e6 2. Nc3 Nf6 3. g3 d5 4. cxd5 exd5 5. d4 Be7 6. Nf3 0-0 7. Bg2 Bf5 8. 0-0 Re8 9. Bg5 c6 10. Nh4 Be6 11. Nf3 Bf5 12. Nh4 Be6 1/2-1/2

[Event "Vecindario Canarias op 4th"]
[Site "Vecindario"]
[Date "2010.07.18"]
[Round "2"]
[White "Robin, Samy"]
[Black "Stojanovic, Kosara"]
[Result "1-0"]
[WhiteElo "2308"]
[BlackElo "1954"]
[PlyCount "65"]
[EventDate "2010.07.18"]
[EventType "swiss"]
[EventRounds "9"]
[EventCountry "ESP"]
[SourceTitle "CBM 137 Extra"]
[Source "ChessBase"]
[SourceDate "2010.09.01"]
[SourceVersion "1"]
[SourceVersionDate "2010.09.01"]
[SourceQuality "1"]

1. e4 e5 2. Nf3 Nc6 3. Bb5 a6 4. Bxc6 dxc6 5. 0-0 Bg4 6. h3 Bxf3 7. Qxf3 Qf6 8. Qe3 Bd6 9. c3 Qf4 10. Qxf4 exf4 11. d4 f6 12. Nd2 0-0-0 13. Nc4 Re8 14. Nxd6+ cxd6 15. Bxf4 Rxe4 16. Bxd6 Nh6 17. Rfe1 Rhe8 18. Kf1 Nf7 19. Rxe4 Rxe4 20. Bf8 g6 21. Re1 Rxe1+ 22. Kxe1 Kd7 23. Ke2 Ke6 24. Kd3 b5 25. b3 f5 26. h4 Nd8 27. c4 Kd7 28. d5 Nf7 29. Kd4 Kc7 30. Kc5 cxd5 31. cxd5 f4 32. Kd4 Kd7 33. Ke4 1-0

[Event "MNT-chT (Women)"]
[Site "Cetinje"]
[Date "2009.08.22"]
[Round "2"]
[White "Stojanovic, Kosara"]
[Black "Bubanja, Milica"]
[Result "1-0"]
[WhiteElo "1962"]
[BlackElo "1738"]
[PlyCount "109"]
[EventDate "2009.08.21"]
[EventType "team-tourn"]
[EventRounds "5"]
[EventCountry "MNE"]
[SourceTitle "CBM 132 Extra"]
[Source "ChessBase"]
[SourceDate "2009.11.03"]
[SourceVersion "1"]
[SourceVersionDate "2009.11.03"]
[SourceQuality "1"]

1. e4 c5 2. Nf3 Nc6 3. d4 cxd4 4. Nxd4 g6 5. Nc3 Bg7 6. Be3 Nf6 7. Bc4 0-0 8. h3 d6 9. Qd2 Bd7 10. 0-0-0 Na5 11. Bb3 Nxb3+ 12. Nxb3 Bc6 13. f3 Qc8 14. g4 b5 15. Nd5 Bxd5 16. exd5 Nd7 17. f4 Qc7 18. Bd4 Rac8 19. Bxg7 Kxg7 20. Na5 Nb8 21. Rhe1 Rfe8 22. Re2 Qc5 23. Nb3 Qc4 24. Qd4+ Qxd4 25. Nxd4 a6 26. f5 Rc7 27. Rf1 Rc5 28. f6+ Kf8 29. Rfe1 Rc7 30. Nf3 a5 31. Ng5 h6 32. Nh7+ Kg8 33. Rxe7 Rec8 34. Rxc7 Rxc7 35. Re8+ Kxh7 36. Rxb8 Rc5 37. Rf8 Rxd5 38. Rxf7+ Kh8 39. Rf8+ Kh7 40. Rf7+ Kh8 41. b3 g5 42. Ra7 Kg8 43. Rxa5 Kf7 44. c4 Rd3 45. cxb5 Rc3+ 46. Kd2 Rc5 47. Ra7+ Kxf6 48. b6 Rc8 49. a4 Ke5 50. b7 Rb8 51. a5 Kd5 52. a6 Kc6 53. Ra8 Kc7 54. Rxb8 Kxb8 55. Kd3 1-0

[Event "Belgrade-chT"]
[Site "Belgrade"]
[Date "2007.??.??"]
[Round "3"]
[White "Sarenac, Ivan"]
[Black "Stojanovic, Kosara"]
[Result "1-0"]
[WhiteElo "2220"]
[BlackElo "2000"]
[PlyCount "55"]
[EventDate "2007.10.??"]
[EventType "team-tourn"]
[EventRounds "9"]
[EventCountry "YUG"]
[SourceTitle "EXT 2010"]
[Source "ChessBase"]
[SourceDate "2010.11.25"]
[SourceVersion "1"]
[SourceVersionDate "2010.11.25"]
[SourceQuality "1"]

1. e4 e5 2. Nf3 Nc6 3. Bc4 Bc5 4. b4 Bb6 5. a4 a6 6. c3 d6 7. d3 Be6 8. Nbd2 Nf6 9. 0-0 0-0 10. a5 Ba7 11. Bb3 h6 12. Nc4 Ne7 13. Nh4 Bg4 14. Nf3 Kh8 15. h3 Bh5 16. Ne3 Qc8 17. g4 Bxe3 18. fxe3 Bg6 19. Nh4 h5 20. Rxf6 gxf6 21. Qf3 Ng8 22. gxh5 Bh7 23. Ra2 Qd8 24. Rg2 Nh6 25. Ng6+ Bxg6 26. hxg6 Rg8 27. Qh5 Rxg6 28. Rxg6 1-0

[Event "Belgrade-chT"]
[Site "Belgrade"]
[Date "2007.??.??"]
[Round "6"]
[White "Sekulic, Dusan"]
[Black "Stojanovic, Kosara"]
[Result "1-0"]
[WhiteElo "2340"]
[BlackElo "2000"]
[PlyCount "43"]
[EventDate "2007.10.??"]
[EventType "team-tourn"]
[EventRounds "9"]
[EventCountry "YUG"]
[SourceTitle "EXT 2010"]
[Source "ChessBase"]
[SourceDate "2010.11.25"]
[SourceVersion "1"]
[SourceVersionDate "2010.11.25"]
[SourceQuality "1"]

1. d4 d5 2. Nf3 Nf6 3. c4 e6 4. e3 Be7 5. Nbd2 Nbd7 6. Bd3 0-0 7. b3 b6 8. 0-0 Bb7 9. Bb2 c5 10. Qe2 Ne4 11. Rad1 Qc7 12. Ne5 Rad8 13. f4 g6 14. cxd5 Nxd2 15. Rxd2 Bxd5 16. dxc5 Bxc5 17. Ng4 h5 18. Nh6+ Kh7 19. Nxf7 Bxe3+ 20. Kh1 Bxg2+ 21. Qxg2 Rg8 22. Qg5 1-0

[Event "Belgrade Trophy 17th"]
[Site "Obrenovac"]
[Date "2004.11.27"]
[Round "6"]
[White "Stojanovic, Kosara"]
[Black "Andrejic, Vladica"]
[Result "0-1"]
[WhiteElo "2015"]
[BlackElo "2133"]
[PlyCount "68"]
[EventDate "2004.11.22"]
[EventType "swiss"]
[EventRounds "9"]
[EventCountry "YUG"]
[SourceTitle "CBM 103 Extra"]
[Source "ChessBase"]
[SourceDate "2005.01.01"]
[SourceVersion "1"]
[SourceVersionDate "2005.01.01"]
[SourceQuality "1"]

1. e4 d5 2. exd5 Nf6 3. Nf3 Nxd5 4. d4 Bg4 5. Be2 e6 6. c4 Nb6 7. 0-0 Nc6 8. Nbd2 Qd7 9. h3 Bh5 10. Qb3 Bxf3 11. Nxf3 Nxd4 12. Nxd4 Qxd4 13. Rd1 Qe5 14. Be3 Be7 15. Bf3 0-0 16. Bxb7 Rab8 17. Bd4 Qf4 18. g3 Qf5 19. Bg2 c5 20. Bc3 Nd5 21. Qa3 Nxc3 22. bxc3 Bf6 23. Rd7 Rb1+ 24. Rxb1 Qxb1+ 25. Kh2 Qf5 26. f4 g5 27. Qc1 Rb8 28. Qd2 a5 29. Rb7 Rd8 30. Rd7 Rxd7 31. Qxd7 gxf4 32. g4 Qe5 33. Bf3 Qxc3 34. Qd1 Qxc4 0-1

[Event "Belgrade Trophy 17th"]
[Site "Obrenovac"]
[Date "2004.11.22"]
[Round "1"]
[White "Kizov, Atanas"]
[Black "Stojanovic, Kosara"]
[Result "1-0"]
[WhiteElo "2355"]
[BlackElo "2015"]
[PlyCount "45"]
[EventDate "2004.11.22"]
[EventType "swiss"]
[EventRounds "9"]
[EventCountry "YUG"]
[SourceTitle "CBM 103 Extra"]
[Source "ChessBase"]
[SourceDate "2005.01.01"]
[SourceVersion "1"]
[SourceVersionDate "2005.01.01"]
[SourceQuality "1"]

1. d4 d5 2. c4 e6 3. Nf3 Nf6 4. g3 Be7 5. Bg2 0-0 6. 0-0 Nbd7 7. Qc2 Re8 8. Rd1 c5 9. cxd5 exd5 10. Nc3 Nb6 11. Bg5 c4 12. Ne5 Ng4 13. Bf4 Nxe5 14. Bxe5 a6 15. a4 Be6 16. a5 Nc8 17. b3 cxb3 18. Qxb3 b5 19. Bxd5 Bxd5 20. Nxd5 Bd6 21. e4 Bxe5 22. dxe5 Qg5 23. Nc7 1-0

[Event "Belgrade Jezero op 10th"]
[Site "Belgrade"]
[Date "2004.08.21"]
[Round "5"]
[White "Stojanovic, Kosara"]
[Black "Marinkov, Svetislav"]
[Result "1-0"]
[WhiteElo "2030"]
[BlackElo "2064"]
[PlyCount "48"]
[EventDate "2004.08.17"]
[EventType "swiss"]
[EventRounds "9"]
[EventCountry "YUG"]
[SourceTitle "EXT 2005"]
[Source "ChessBase"]
[SourceDate "2004.11.15"]
[SourceVersion "1"]
[SourceVersionDate "2004.11.15"]
[SourceQuality "1"]

1. e4 c5 2. Nf3 d6 3. d4 Nf6 4. Nc3 g6 5. dxc5 Qa5 6. Bd2 Qxc5 7. Bd3 Bg7 8. Be3 Qa5 9. 0-0 Nc6 10. h3 0-0 11. Qd2 Rd8 12. Bh6 Bh8 13. Bc4 Nd7 14. Ng5 Nce5 15. Nd5 Qxd5 16. Bxd5 Nf6 17. f4 e6 18. fxe5 dxe5 19. Qb4 exd5 20. Qe7 Be6 21. Nxe6 Re8 22. Qxb7 fxe6 23. exd5 Rab8 24. Qxa7 exd5 1-0

[Event "Belgrade Jezero op 10th"]
[Site "Belgrade"]
[Date "2004.08.17"]
[Round "1"]
[White "Stojanovic, Kosara"]
[Black "Zmijanac, Dusko"]
[Result "0-1"]
[WhiteElo "2030"]
[BlackElo "2236"]
[PlyCount "36"]
[EventDate "2004.08.17"]
[EventType "swiss"]
[EventRounds "9"]
[EventCountry "YUG"]
[SourceTitle "EXT 2005"]
[Source "ChessBase"]
[SourceDate "2004.11.15"]
[SourceVersion "1"]
[SourceVersionDate "2004.11.15"]
[SourceQuality "1"]

1. e4 c5 2. Nf3 e6 3. d4 cxd4 4. Nxd4 Nc6 5. Nc3 Qc7 6. Be3 a6 7. a4 Nf6 8. Be2 Bb4 9. f3 d5 10. Nxc6 bxc6 11. exd5 cxd5 12. Qd4 Bd6 13. f4 0-0 14. h3 Rb8 15. Rf1 Rb4 16. Qd2 Rxb2 17. Rb1 Bb4 18. Kf2 Bxc3 0-1